| Registos Bibliográficos associados ao registo de autoridade |
|
Etiqueta de registo: 00000nam 2200025 450 001 2020388 003 http://id.bnportugal.gov.pt/bib/catbnp/2020388 100 ## $a20190423d2018 k y0pory01030103ba 101 0# $aeng$dpor 102 ## $aPT 105 ## $aa m 000yy 106 ## $ar 200 1# $aFilmes CVD de híbridos de nanocarbono para dispositivos microelectrónicos e biomédicos$fNuno Miguel Franco dos Santos$gorient. Florinda Mendes da Costa, Rui Ramos Ferreira e Silva, Sofia Rodrigues Teixeira 210 #9 $aAveiro$c[s.n.],$d2018 215 ## $a[26], 269 p.$cil.$d30 cm 328 #1 $aTese dout. Nanociências e Nanotecnologia, Dep. de Física, Universidade de Aveiro,
2018 675 ## $a620.3(043)$vBN$zpor$31386155 700 #1 $aSantos,$bNuno Miguel Franco dos$31750545 702 #1 $aSilva,$bRui Ferreira e$4727$3143588 702 #1 $aTeixeira,$bSofia Rodrigues$4727$31750547 702 #1 $aCosta,$bFlorinda Mendes da,$f1964-$4727$3238376 801 #0 $aPT$bBN$gRPC 966 ## $lBN$mFGMON$sS.A. 172148 V.$x1
Etiqueta de registo: 00254nam 2200025 450 001 2281042 003 http://id.bnportugal.gov.pt/bib/catbnp/2281042 100 ## $a20260317d2025 k y0pory01030103ba 101 0# $aeng$dpor 102 ## $aPT 105 ## $aa m 000yy 106 ## $ar 200 1# $aTriagem inovadora de problemas críticos no setor da aquacultura$dInnovative screening of critical issues in the aquaculture sector$fMaria Simone Fernandes Soares$gorient. Nuno Miguel Franco dos Santos, Carlos Alberto Ferreira Marques, Pedro Lúcio
Maia Marques de Almeida$zeng 210 #9 $aAveiro$c[s.n.],$d2025 215 ## $a[7] f., XIX, 247 p.$cil.$d30 cm 328 ## $aTese dout. Engenharia Física, Universidade de Aveiro, 2025 510 1# $aInnovative screening of critical issues in the aquaculture sector$zeng 675 ## $a543.39(043)$vBN$zpor$31448315 675 ## $a639.3(053)$vBN$zpor$31994514 700 #1 $aSoares,$bMaria Simone Fernandes$31991882 702 #1 $aSantos,$bNuno Miguel Franco dos$4727$31750545 702 #1 $aMarques,$bCarlos Alberto Ferreira$4727$31425080 702 #1 $aAlmeida,$bPedro Lúcio Maia Marques de$4727$31236821 801 #0 $aPT$bBN$gRPC 966 ## $lBN$mFGMON$sS.A. 193428 V.$x1 971 ## $cisantos$d20260317 972 ## $e0$z0$d20260410$vlrevez 973 ## $cigoulao$d20260401
|
|
|